La tragedia de Héctor: naturaleza y cultura en la Ilíada
Bewaard in:
| Hoofdauteur: | |
|---|---|
| Formaat: | Boek |
| Taal: | Spaans |
| Gepubliceerd in: |
Barcelona
Destino
1992
|
| Reeks: | Ensayos Destino, 10
|
| Onderwerpen: | |
| Tags: |
Voeg label toe
Geen labels, Wees de eerste die dit record labelt!
|
MARC
| LEADER | 00000nam a2200000 a 4500 | ||
|---|---|---|---|
| 001 | UCM9931 | ||
| 003 | CL-VaPUC | ||
| 005 | 20240607092235.0 | ||
| 008 | 030530e19920000SP |||||||||||||||||spa|d | ||
| 999 | |c 304006 |d 304004 | ||
| 040 | |c Pontificia Universidad Católica de Valparaíso | ||
| 082 | 0 | 4 | |a 883.0109 |b RED |2 21 |
| 100 | 0 | |a Redfield, James M |e author |9 476579 | |
| 245 | 1 | 3 | |a La tragedia de Héctor: naturaleza y cultura en la Ilíada |
| 260 | |a Barcelona |b Destino |c 1992 | ||
| 300 | |a 482 p | ||
| 490 | 0 | |a Ensayos Destino, 10 | |
| 583 | |a last modification |c 20030530 00:00:00 |k Rodrigo Vera | ||
| 600 | 7 | |a Homero |t Ilíada |9 885100 | |
| 650 | 7 | |a Héctor (Personaje Legendario) en Literatura. |2 CL-VaPUC |9 265215 | |
| 650 | 0 | |a Aquiles (Mitología griega) |x Literatura |9 885101 | |
| 650 | 7 | |a Guerra de Troya |x Literatura y Guerra. |9 885102 | |
| 650 | 0 | |a Poesías épicas griegas |9 266284 |x Crítica e interpretación literaria | |
| 942 | |c BK |2 ddc | ||
| 945 | |d 20030530 00:00:00 |a cmena | ||
| 952 | |0 0 |1 0 |4 0 |6 883_010900000000000_RED_1992 |7 0 |8 A |9 365731 |a BIBHIS |b BIBHIS |d 2019-11-21 |i 389004K |l 2 |m 2 |o 883.0109 RED 1992 |p 389004K |r 2025-01-20 |s 2023-06-05 |w 2019-11-21 |y BK |k HIS | ||